Score 0/30 Timer 10:00
2 Plays Today
Clue Capital % Correct
OttwOttawa
96.7%
KbulKabul
95.7%
MocowMoscow
82.8%
S Joh'sSt John's
79.2%
BejgBeijing
77.7%
MinkMinsk
76%
Buos sBuenos Aires
72.3%
SofSofia
70.8%
VennVienna
66.2%
CrcsCaracas
63%
PygygPyongyang
62.9%
Phn PenhPhnom Penh
54.1%
igetwnBridgetown
53.7%
PisParis
50.4%
KmplKampala
45.6%
Clue Capital % Correct
CnbeCanberra
42.9%
mopanBelmopan
38.5%
Porto-ovoPorto-Novo
37.7%
l VellAndorra la Vella
36.9%
PzLa Paz
32.2%
YvYerevan
28.2%
kuBaku
27.6%
TrTirana
19.9%
ada S gawaBandar Seri Begawan
18.4%
MmManama
17.5%
YudYaounde
15.2%
Jywdeepu otteSri Jayawardenepura Kotte
11.8%
gdgOuagadougou
10.3%
sAlgiers/Brasilia
8.6%
rsssBrussels
8.3%

You're not logged in!

Compare scores with friends on all Sporcle quizzes.
OR
Log In

Sporcle TV

Today on Sporcle TV


Watch our educational content, quiz creation guides, and fun videos on Sporcle TV.

Show Comments

Extras

Top Quizzes Today


Score Distribution

Paid Content

Your Account Isn't Verified!

In order to create a playlist on Sporcle, you need to verify the email address you used during registration. Go to your Sporcle Settings to finish the process.

Report this User

Report this user for behavior that violates our Community Guidelines.

Details: